000
00324nam a2200133Ia 4500
008
240624s9999 xx 000 0 und d
041
_a
eng
082
_a
823 BYA
100
_a
BYATT A S
245
_a
END OF THE GODS THE MYTH OF RAGNAROK
260
_c
2011
_a
New Delhi
_b
Hamish Hamilton
300
_a
192 : p.
365
_c
RS
999
_c
18358
_d
18358